League of Legends - Les tanks - Statistiques

Statistiques générales
  • Ce quiz a été pris 287 fois
  • Le résultat moyen est 26 sur 44
Statistiques - réponses
Hint Réponse % Correct
8 Darius
83%
11 Garen
80%
21 Nautilus
80%
1 Aatrox
79%
24 Ornn
78%
34 Sion
75%
4 Blitzcrank
74%
9 Dr Mundo
72%
2 Alistar
70%
17 Leona
70%
5 Braum
68%
18 Malphite
68%
44 Zac
68%
3 Amumu
67%
10 Galio
67%
29 Sejuani
67%
19 Maokai
65%
7 Cho'gath
63%
30 Sett
60%
36 Tahm Kench
60%
20 Nasus
59%
40 Volibear
59%
41 Warwick
57%
26 Rammus
56%
28 Renekton
56%
23 Olaf
55%
43 Yorick
55%
12 Gnar
52%
27 Rell
52%
14 Illaoi
51%
31 Shen
50%
13 Hecarim
49%
39 Urgot
49%
25 Poppy
47%
38 Udyr
47%
35 Skarner
46%
22 Nunu et Willump
45%
6 Camille
44%
32 Shyvana
44%
37 Trundle
43%
42 Wu kong
43%
16 Kled
42%
33 Singed
39%
15 Jarvan IV
37%
Aucun quiz correspondant
Distribution des résultats
% des personnes avec chaque résultat
Percentile par nombre de réponses
Votre historique - résultats
Vous n’avez pas pris ce quiz